[Event "IND-ch U19"]
[Site "Ahmedabad"]
[Date "2023.09.26"]
[Round "9"]
[White "Manish, Anto Cristiano F"]
[Black "Dhyey, Agarwal"]
[Result "1-0"]
[WhiteElo "2372"]
[BlackElo "2178"]
[PlyCount "117"]
[EventDate "2023.09.20"]
[EventType "swiss"]
[EventRounds "11"]
[EventCountry "IND"]
[SourceTitle "CBM 216 Extra"]
[Source "ChessBase"]
[SourceDate "2023.11.30"]
[SourceVersion "1"]
[SourceVersionDate "2023.11.30"]
[SourceQuality "1"]

1. d4 Nf6 2. c4 g6 3. g3 Bg7 4. Bg2 d5 5. cxd5 Nxd5 6. e4 Nb6 7. Ne2 c5 8. d5 0-0 9. 0-0 e6 10. Nec3 Na6 11. a4 exd5 12. exd5 Nc4 13. Na3 Ne5 14. h3 Nb4 15. Ne4 b6 16. Bg5 f6 17. Bf4 Ba6 18. Nb5 Ned3 19. Qb3 Kh8 20. Rfd1 Nxf4 21. gxf4 Qd7 22. d6 Rad8 23. Nc7 Bd3 24. Rac1 f5 25. Ng5 Qxd6 26. Nce6 Rd7 27. Nxf8 Qxf8 28. Ne6 Qd6 29. Nxg7 Kxg7 30. Rc3 Kh6 31. Bf1 Qxf4 32. Bxd3 Nxd3 33. Qc2 Nb4 34. Qc1 Qxc1 35. Rcxc1 Re7 36. Re1 Rc7 37. Red1 Re7 38. Re1 Rc7 39. Rcd1 Nc2 40. Re8 Nd4 41. Kf1 Rd7 42. Rde1 Nc6 43. R1e6 Nb4 44. R6e7 Rd1+ 45. Kg2 Kg5 46. Rxh7 Rd2 47. Kf3 Rd3+ 48. Re3 Rd2 49. h4+ Kf6 50. Ree7 g5 51. Rhf7+ Kg6 52. Rg7+ Kh6 53. hxg5+ Kh5 54. Re6 Rd3+ 55. Kf4 Nd5+ 56. Kxf5 Rf3+ 57. Ke4 Nf4 58. Rf6 Kg4 59. Rgf7 1-0

[Event "Asia-ch Blitz U20"]
[Site "Jamshedpur"]
[Date "2023.09.15"]
[Round "7"]
[White "Dhyey, Agarwal"]
[Black "Thapa, Rishon"]
[Result "1-0"]
[WhiteElo "2178"]
[BlackElo "1729"]
[PlyCount "61"]
[EventDate "2023.09.15"]
[EventType "swiss (blitz)"]
[EventRounds "9"]
[EventCountry "IND"]
[SourceTitle "CBM 216 Extra"]
[Source "ChessBase"]
[SourceDate "2023.11.30"]
[SourceVersion "1"]
[SourceVersionDate "2023.11.30"]
[SourceQuality "1"]

1. c4 e6 2. e4 d5 3. exd5 exd5 4. cxd5 Nf6 5. Bb5+ Nbd7 6. Nc3 a6 7. Be2 Nb6 8. Nf3 Be7 9. d4 Nbxd5 10. 0-0 0-0 11. Re1 h6 12. Ne5 Be6 13. Bf3 c6 14. Ng6 Re8 15. Nxe7+ Rxe7 16. h3 Qc7 17. Bd2 Rd7 18. Rc1 Rad8 19. Na4 Nf4 20. Be3 Bxa2 21. Nc5 Re7 22. b3 N4d5 23. Qd2 b6 24. Nxa6 Qa7 25. Qxa2 Ra8 26. Ra1 Qb7 27. Qe2 Qc8 28. Qf1 Rea7 29. Be2 Ne4 30. Bd3 Nec3 31. Rec1 1-0

[Event "Asia-ch Rapid U20"]
[Site "Jamshedpur"]
[Date "2023.09.08"]
[Round "5"]
[White "Dhyey, Agarwal"]
[Black "Vihaan, Karthikeya N"]
[Result "1-0"]
[WhiteElo "2178"]
[BlackElo "1449"]
[PlyCount "105"]
[EventDate "2023.09.08"]
[EventType "swiss (rapid)"]
[EventRounds "9"]
[EventCountry "IND"]
[SourceTitle "CBM 216 Extra"]
[Source "ChessBase"]
[SourceDate "2023.11.30"]
[SourceVersion "1"]
[SourceVersionDate "2023.11.30"]
[SourceQuality "1"]

1. c4 e6 2. e4 d5 3. cxd5 exd5 4. exd5 Nf6 5. Bb5+ Nbd7 6. Nc3 Bd6 7. Qe2+ Be7 8. d4 0-0 9. Nf3 Nb6 10. Bc4 Bb4 11. 0-0 Bg4 12. Bb3 Re8 13. Qd3 Nfxd5 14. Bg5 Qd7 15. Nxd5 Nxd5 16. Ne5 Rxe5 17. dxe5 c6 18. Rac1 Qe6 19. Bxd5 cxd5 20. Qd4 Bf8 21. Rfe1 h6 22. Bh4 b6 23. h3 Bh5 24. Qd2 a5 25. a3 b5 26. f4 b4 27. a4 Rb8 28. Qf2 Bg6 29. Qa7 Re8 30. Qb7 Be4 31. Qc6 Qxc6 32. Rxc6 b3 33. Bf2 Rb8 34. Rec1 Ba3 35. Bd4 Bb4 36. e6 fxe6 37. Rc8+ Rxc8 38. Rxc8+ Kh7 39. Rc7 Bf8 40. Ra7 Kg6 41. g4 h5 42. g5 Kh7 43. Rxa5 Bf5 44. Ra7 Bxh3 45. a5 Bf5 46. Rf7 Kg8 47. Rxf5 exf5 48. a6 h4 49. g6 h3 50. a7 h2+ 51. Kh1 Kh8 52. a8Q Kg8 53. Bc5 1-0

[Event "IND-ch U13 35th"]
[Site "Puducherry"]
[Date "2022.12.16"]
[Round "9"]
[White "Daakshin, Arun"]
[Black "Dhyey, Agarwal"]
[Result "1-0"]
[WhiteElo "1982"]
[BlackElo "1903"]
[PlyCount "79"]
[EventDate "2022.12.11"]
[EventType "swiss"]
[EventRounds "11"]
[EventCountry "IND"]
[SourceTitle "EXT 2024"]
[Source "ChessBase"]
[SourceDate "2023.10.10"]
[SourceVersion "1"]
[SourceVersionDate "2023.10.10"]
[SourceQuality "1"]

1. d4 d5 2. c4 e6 3. Nc3 Nf6 4. cxd5 exd5 5. Bg5 Be7 6. e3 0-0 7. Bd3 h6 8. Bh4 Re8 9. Nge2 Nbd7 10. 0-0 c6 11. Qc2 Nh5 12. Bxe7 Qxe7 13. Rab1 Nb6 14. b4 a6 15. Rfe1 Bg4 16. a4 Qg5 17. Ng3 Nxg3 18. hxg3 Rad8 19. b5 cxb5 20. axb5 a5 21. Rbc1 Ra8 22. e4 Be6 23. e5 g6 24. Ne2 Rec8 25. Qa2 Bf5 26. Bxf5 Qxf5 27. Nf4 Rxc1 28. Rxc1 Qe4 29. Rc7 Re8 30. Qa1 Nc4 31. Rxb7 Nd2 32. Qc1 Qxd4 33. e6 Rf8 34. exf7+ Kh7 35. Ne6 Qb4 36. Nxf8+ Qxf8 37. Qxd2 a4 38. Qb4 Qxb4 39. f8Q+ Qe7 40. Rxe7# 1-0

[Event "IND-ch U13 35th"]
[Site "Puducherry"]
[Date "2022.12.14"]
[Round "6"]
[White "Ankit, Ray"]
[Black "Dhyey, Agarwal"]
[Result "1/2-1/2"]
[WhiteElo "1775"]
[BlackElo "1903"]
[PlyCount "106"]
[EventDate "2022.12.11"]
[EventType "swiss"]
[EventRounds "11"]
[EventCountry "IND"]
[SourceTitle "EXT 2024"]
[Source "ChessBase"]
[SourceDate "2023.10.10"]
[SourceVersion "1"]
[SourceVersionDate "2023.10.10"]
[SourceQuality "1"]

1. d4 d5 2. c4 e6 3. g3 Nf6 4. Bg2 Be7 5. Nf3 0-0 6. 0-0 c6 7. Qc2 b6 8. b3 Bb7 9. Rd1 Nbd7 10. Nc3 Rc8 11. e4 Nxe4 12. Nxe4 dxe4 13. Qxe4 Nf6 14. Qe2 Qc7 15. Bf4 Bd6 16. Ne5 Qe7 17. Bg5 h6 18. Bxf6 gxf6 19. Qg4+ Kh8 20. Qh5 Kg7 21. Qg4+ Kh7 22. Qe4+ f5 23. Qe2 Ba8 24. c5 bxc5 25. dxc5 Bxc5 26. Rd7 Qf6 27. Rad1 Bb6 28. R7d6 Rg8 29. Nxf7 Rce8 30. Ne5 Bc7 31. Rd7+ Rg7 32. Nxc6 Bxc6 33. Bxc6 Ree7 34. Rxe7 Rxe7 35. Rd7 Kg7 36. Qd3 Bb6 37. Rxe7+ Qxe7 38. Qd7 Qxd7 39. Bxd7 Kf6 40. Kf1 Bc5 41. Ke2 e5 42. Bc6 Ke6 43. f3 Bg1 44. Kf1 Bc5 45. Ke2 Bg1 46. h3 Kf6 47. g4 fxg4 48. hxg4 Ke6 49. Kd3 Kd6 50. Be4 Kc5 51. a3 a5 52. b4+ axb4 53. axb4+ Kxb4 1/2-1/2

[Event "IND-ch U15 47th"]
[Site "New Delhi"]
[Date "2022.12.06"]
[Round "11"]
[White "Dhyey, Agarwal"]
[Black "Nagare, Kaivalya Sandip"]
[Result "0-1"]
[WhiteElo "1903"]
[BlackElo "2124"]
[PlyCount "96"]
[EventDate "2022.11.28"]
[EventType "swiss"]
[EventRounds "11"]
[EventCountry "IND"]
[SourceTitle "EXT 2024"]
[Source "ChessBase"]
[SourceDate "2023.10.10"]
[SourceVersion "1"]
[SourceVersionDate "2023.10.10"]
[SourceQuality "1"]

1. c4 Nf6 2. Nc3 e6 3. e4 d5 4. e5 d4 5. exf6 dxc3 6. bxc3 Qxf6 7. d4 b6 8. Nf3 Bb7 9. Bd3 h6 10. Qe2 Nd7 11. Be4 c6 12. Rb1 Bd6 13. h4 Rb8 14. g3 Qe7 15. Nd2 0-0 16. Bg2 f5 17. Nf3 f4 18. Bh3 fxg3 19. fxg3 e5 20. 0-0 e4 21. Bf4 Bxf4 22. gxf4 Rbe8 23. Ne5 Nxe5 24. fxe5 Qxh4 25. Qg4 Qd8 26. Qxe4 Qg5+ 27. Bg2 Bc8 28. Rbe1 Bf5 29. Qxc6 Bd3 30. Rf3 Qd2 31. Ree3 Be2 32. Rg3 Bf1 33. Qxh6 Qf2+ 34. Kh2 Re7 35. Qh3 Qxa2 36. Rgf3 Rxf3 37. Rxf3 Bxg2 38. Qxg2 Qxc4 39. Qg5 Qe2+ 40. Kg3 Re6 41. Qd8+ Kh7 42. Kf4 Rh6 43. Re3 Qf1+ 44. Ke4 Qh1+ 45. Kd3 Qb1+ 46. Kc4 b5+ 47. Kc5 Qb3 48. Qd5 Qa3+ 0-1

[Event "Bikaner op 1st"]
[Site "Bikaner"]
[Date "2022.10.07"]
[Round "8"]
[White "Aarav, Sinha"]
[Black "Dhyey, Agarwal"]
[Result "0-1"]
[WhiteElo "1888"]
[BlackElo "1739"]
[PlyCount "92"]
[EventDate "2022.10.01"]
[EventType "swiss"]
[EventRounds "10"]
[EventCountry "IND"]
[SourceTitle "CBM 210 Extra"]
[Source "ChessBase"]
[SourceDate "2022.11.30"]
[SourceVersion "1"]
[SourceVersionDate "2022.11.30"]
[SourceQuality "1"]

1. e4 e5 2. Nf3 Nc6 3. d4 exd4 4. Bc4 Bc5 5. 0-0 d6 6. c3 Bg4 7. Be2 Bxf3 8. Bxf3 Nf6 9. b4 Bb6 10. b5 Ne5 11. cxd4 Nxf3+ 12. gxf3 Qd7 13. Nc3 Ba5 14. Bd2 Bxc3 15. Bxc3 d5 16. Qe2 0-0 17. e5 Rfe8 18. Kh1 Nh5 19. Bd2 g6 20. Rg1 Ng7 21. f4 a6 22. a4 axb5 23. Qxb5 c6 24. Qb3 Qf5 25. Qb1 Qh3 26. Rg3 Qh5 27. a5 Nf5 28. Rd3 Qh4 29. Qf1 Qe7 30. Rb1 h5 31. Qh3 Qe6 32. Bc3 Reb8 33. Rg1 Kh7 34. Rb1 b6 35. axb6 Ra6 36. b7 Ra7 37. Rdd1 Raxb7 38. Rxb7 Rxb7 39. Rd3 Rb1+ 40. Kg2 c5 41. Rd2 cxd4 42. Rb2 Rd1 43. Rd2 Rxd2 44. Bxd2 Qa6 45. Qb3 Qe2 46. Bb4 Ne3+ 0-1

[Event "Bikaner op 1st"]
[Site "Bikaner"]
[Date "2022.10.05"]
[Round "6"]
[White "Garv, Gaur"]
[Black "Dhyey, Agarwal"]
[Result "1/2-1/2"]
[WhiteElo "2060"]
[BlackElo "1739"]
[PlyCount "145"]
[EventDate "2022.10.01"]
[EventType "swiss"]
[EventRounds "10"]
[EventCountry "IND"]
[SourceTitle "CBM 210 Extra"]
[Source "ChessBase"]
[SourceDate "2022.11.30"]
[SourceVersion "1"]
[SourceVersionDate "2022.11.30"]
[SourceQuality "1"]

1. d4 d5 2. Nf3 Nf6 3. c4 e6 4. g3 Be7 5. Bg2 0-0 6. 0-0 c6 7. Nbd2 Nbd7 8. Qc2 b6 9. e4 Ba6 10. e5 Ne8 11. Re1 Rc8 12. Qa4 Nc7 13. cxd5 Bb5 14. Qb3 cxd5 15. Nf1 Bc4 16. Qd1 Bb4 17. Bd2 a5 18. Ne3 Bxd2 19. Qxd2 Ba6 20. Rac1 Qe7 21. h4 Rfd8 22. Bh3 Qb4 23. Qxb4 axb4 24. Nc2 b3 25. axb3 Nb8 26. Na3 Nb5 27. Bf1 Nxa3 28. bxa3 Kf8 29. Bxa6 Nxa6 30. Kf1 Nb8 31. Ke2 Nc6 32. Kd3 Na5 33. Nd2 Ke7 34. b4 Nc6 35. Rc3 Na7 36. Nb1 Kd7 37. Rec1 Rxc3+ 38. Nxc3 Ra8 39. b5 Nc8 40. a4 f6 41. exf6 gxf6 42. Kc2 Nd6 43. Kb3 Rc8 44. Ne2 Nc4 45. Kb4 e5 46. dxe5 fxe5 47. Rd1 Ke6 48. Nc3 d4 49. Ne4 Na5 50. f4 h6 51. g4 exf4 52. g5 Ke5 53. Nd2 hxg5 54. hxg5 Kf5 55. g6 Kxg6 56. Ne4 Rd8 57. Nf2 Kf5 58. Rh1 f3 59. Rh6 Rb8 60. Rh4 Ke5 61. Re4+ Kd5 62. Rf4 Rc8 63. Rf5+ Kd6 64. Rf6+ Kd5 65. Rxb6 Nc4 66. Rc6 Rxc6 67. bxc6 Nd6 68. c7 Kc6 69. c8Q+ Nxc8 70. Kc4 Nb6+ 71. Kxd4 Nxa4 72. Ke4 Nc5+ 73. Kxf3 1/2-1/2

[Event "Bikaner op 1st"]
[Site "Bikaner"]
[Date "2022.10.02"]
[Round "2"]
[White "Dhyey, Agarwal"]
[Black "Rajesh, VAV"]
[Result "1-0"]
[WhiteElo "1739"]
[BlackElo "2334"]
[PlyCount "119"]
[EventDate "2022.10.01"]
[EventType "swiss"]
[EventRounds "10"]
[EventCountry "IND"]
[SourceTitle "CBM 210 Extra"]
[Source "ChessBase"]
[SourceDate "2022.11.30"]
[SourceVersion "1"]
[SourceVersionDate "2022.11.30"]
[SourceQuality "1"]

1. c4 Nf6 2. Nc3 e5 3. g3 Nc6 4. Bg2 g6 5. e4 Bg7 6. Nge2 d6 7. d3 0-0 8. 0-0 Nd4 9. Nxd4 exd4 10. Ne2 c5 11. h3 a5 12. f4 Rb8 13. a4 Re8 14. g4 h5 15. g5 Nh7 16. Ng3 h4 17. Nh1 f5 18. Nf2 b6 19. Bd2 Nf8 20. Qf3 Bb7 21. Rae1 Qd7 22. Qd1 Qf7 23. b3 Ne6 24. exf5 gxf5 25. Bxb7 Rxb7 26. Qf3 Nd8 27. Rxe8+ Qxe8 28. Qd5+ Qe6 29. Re1 Qxd5 30. cxd5 Nf7 31. Re6 Kf8 32. Kf1 Re7 33. Re1 Rxe1+ 34. Kxe1 Nh8 35. Nd1 Ke7 36. Ke2 Ng6 37. Kf3 Kd7 38. Be1 Bf8 39. Nb2 Be7 40. Nc4 Bd8 41. Bf2 Bc7 42. Na3 Bd8 43. Nc2 Ne7 44. Bxh4 Nxd5 45. Bf2 Nb4 46. Ne1 Ke6 47. h4 Be7 48. h5 Kf7 49. h6 Bf8 50. Ng2 Nxd3 51. Nh4 Kg8 52. Nxf5 Nxf2 53. Kxf2 Kh7 54. Kf3 Kg6 55. Ke4 d5+ 56. Ke5 d3 57. Ne3 c4 58. bxc4 Bc5 59. Nxd5 d2 60. Nc3 1-0

[Event "IND-ch U19"]
[Site "Pune"]
[Date "2022.07.16"]
[Round "7"]
[White "Dhyey, Agarwal"]
[Black "Vignesh, B2."]
[Result "0-1"]
[WhiteElo "1564"]
[BlackElo "2131"]
[PlyCount "102"]
[EventDate "2022.07.12"]
[EventType "swiss"]
[EventRounds "11"]
[EventCountry "IND"]
[SourceTitle "EXT 2023"]
[Source "ChessBase"]
[SourceDate "2022.10.05"]
[SourceVersion "1"]
[SourceVersionDate "2022.10.05"]
[SourceQuality "1"]

1. e4 c5 2. Nf3 Nc6 3. Bb5 g6 4. 0-0 Bg7 5. Re1 e5 6. Nc3 Nge7 7. a4 d6 8. d3 0-0 9. Bc4 h6 10. Nd5 Kh7 11. h3 Nxd5 12. Bxd5 Ne7 13. Bb3 f5 14. Nh2 Nc6 15. c3 Qf6 16. f3 Be6 17. Nf1 f4 18. Bxe6 Qxe6 19. c4 Bf6 20. Bd2 Bh4 21. Re2 Nd4 22. Be1 Nxe2+ 23. Qxe2 Bxe1 24. Qxe1 g5 25. Ra3 h5 26. Rb3 Rf7 27. Nh2 Rg8 28. a5 Rg6 29. Rb5 Rfg7 30. Qe2 Qd7 31. b3 Kg8 32. Kf2 Qd8 33. Kg1 g4 34. hxg4 hxg4 35. Nxg4 Rxg4 36. fxg4 Qh4 37. Kf1 f3 38. gxf3 Qh1+ 39. Kf2 Rh7 40. Qf1 Qh2+ 41. Qg2 Qf4 42. Kg1 Qe3+ 43. Kf1 Rf7 44. Qf2 Rxf3 45. Qxf3 Qxf3+ 46. Ke1 Qe3+ 47. Kf1 Qxd3+ 48. Kg1 Qxe4 49. g5 Kg7 50. b4 cxb4 51. Rxb4 Qe1+ 0-1

[Event "IND-ch U19"]
[Site "Pune"]
[Date "2022.07.14"]
[Round "4"]
[White "Manish, Anto Cristiano F"]
[Black "Dhyey, Agarwal"]
[Result "0-1"]
[WhiteElo "2185"]
[BlackElo "1564"]
[PlyCount "70"]
[EventDate "2022.07.12"]
[EventType "swiss"]
[EventRounds "11"]
[EventCountry "IND"]
[SourceTitle "EXT 2023"]
[Source "ChessBase"]
[SourceDate "2022.10.05"]
[SourceVersion "1"]
[SourceVersionDate "2022.10.05"]
[SourceQuality "1"]

1. Nf3 d5 2. g3 Nf6 3. Bg2 c5 4. c4 e6 5. 0-0 Nc6 6. cxd5 exd5 7. d4 Be7 8. Nc3 0-0 9. Bg5 Be6 10. Bxf6 Bxf6 11. dxc5 Bxc3 12. bxc3 Qa5 13. Ng5 h6 14. Nxe6 fxe6 15. Qb3 Qxc5 16. Qxb7 Rab8 17. Qd7 Rf6 18. Bh3 Rd8 19. Qc7 Rdf8 20. e3 Kh8 21. Qb7 Ne5 22. Rad1 Qxc3 23. Qb3 Nf3+ 24. Kg2 Qe5 25. Bg4 Qe4 26. Bxf3 Rxf3 27. Kg1 Qf5 28. Qb2 Qh5 29. Rd4 Qe5 30. Qd2 Rb8 31. Rb4 Rff8 32. Rfb1 Rbc8 33. Rb7 Qf5 34. R1b2 Qh3 35. Rxa7 Rxf2 0-1